196 places: one per country - Statistics

General Stats
  • This quiz has been taken 52 times
  • The average score is 77 of 196
Answer Stats
Hint Answer % Correct
Benin City Nigeria
78%
Jeju South Korea
78%
Darien Gap (north) Panama
72%
Bikini Atoll Marshall Islands
67%
Siem Riep Cambodia
61%
Krk Croatia
61%
Zealand Denmark
61%
Vanua Levu Fiji
61%
Suomenlinna Finland
61%
Interpol HQ France
61%
Lake Balkhash Kazakhstan
61%
Schaan Liechtenstein
61%
Ryugyong Hotel North Korea
61%
New Ireland Papua New Guinea
61%
Mazar-i-Sharif Afghanistan
56%
Białowieża Forest Belarus
56%
Juan Fernández Islands Chile
56%
Taklamakan Desert China
56%
Ayia Napa Cyprus
56%
Karnak Temple Egypt
56%
Saaremaa Estonia
56%
Lake Volta Ghana
56%
Swat Valley Pakistan
56%
La Santísima Trinidad de Paraná Paraguay
56%
Wawel Royal Castle Poland
56%
Monte Titano San Marino
56%
Generalife Spain
56%
Phang Nga Bay Thailand
56%
Darvaza Gas Crater Turkmenistan
56%
Lake Sevan Armenia
50%
Dirk Hartog Island Australia
50%
Eleuthera Bahamas
50%
Gravensteen Belgium
50%
Paro Taktsang Bhutan
50%
Icefields Parkway Canada
50%
Cidade Velha Cape Verde
50%
Ahuachapán El Salvador
50%
Bioko Equatorial Guinea
50%
Elbphilharmonie Germany
50%
Mount Lycabettus Greece
50%
Quetzaltenango Guatemala
50%
Copán Honduras
50%
Masada Israel
50%
Suntory Holdings Limited Japan
50%
Pha That Luang Laos
50%
Daugava River (mouth) Latvia
50%
Copper Canyon Mexico
50%
Aïr Mountains Niger
50%
Jellyfish Lake Palau
50%
Chocolate Hills Philippines
50%
Ngorongoro Crater Tanzania
50%
Mapu'a Vaea Blowholes Tonga
50%
Hagia Sophia Turkey
50%
Tassili n'Ajjer Algeria
44%
Escaldes-Engordany Andorra
44%
M'banza-Kongo Angola
44%
Orange Walk Belize
44%
Mostar Bridge Bosnia & Herzegovina
44%
Plzeň Czech Republic
44%
Danakil Depression Ethiopia
44%
Yap FS Micronesia
44%
Golestan Palace Iran
44%
Line Islands (non-US) Kiribati
44%
Mother Teresa Cathedral Kosovo
44%
Al Hamra Tower Kuwait
44%
Karakol Kyrgyzstan
44%
Hill of Crosses Lithuania
44%
Grand Duchess Charlotte Bridge Luxembourg
44%
Monkey Bay Malawi
44%
Sipadan Malaysia
44%
Bagan Myanmar
44%
Buada Lagoon Nauru
44%
Milford Sound New Zealand
44%
Arbat Street Russia
44%
Robert Louis Stevenson Museum (not US) Samoa
44%
Pico Cão Grande São Tomé and Príncipe
44%
Île de Gorée Senegal
44%
Tacugama Chimpanzee Sanctuary Sierra Leone
44%
Clarke Quay Singapore
44%
Temple of the Sacred Tooth Relic Sri Lanka
44%
Sun Moon Lake Taiwan
44%
Fongafale Tuvalu
44%
Bwindi Impenetrable Forest National Park Uganda
44%
Twatt United Kingdom
44%
Atchafalaya Basin United States
44%
Estadio Centenario Uruguay
44%
Cu Chi tunnels Vietnam
44%
Socotra Yemen
44%
Apollonia (Illyria) Albania
39%
Sundarbans (East) Bangladesh
39%
Grantley Adams International Airport Barbados
39%
Slave Route Benin
39%
Mare aux Hippopotames Burkina Faso
39%
Gulf of Nicoya Costa Rica
39%
Bee hummingbird nests Cuba
39%
Franceville Gabon
39%
Fouta Djallon Guinea
39%
Essequibo River Guyana
39%
Uruk Iraq
39%
Banba’s Crown Ireland
39%
African Development Bank HQ Ivory Coast
39%
Byblos Lebanon
39%
Great Mosque of Djenné Mali
39%
El Djouf (western half) Mauritania
39%
Karakorum (with a 'u') Mongolia
39%
Caprivi strip Namibia
39%
Upper Mustang Nepal
39%
Isla de Ometepe Nicaragua
39%
Atlantic Ocean Road Norway
39%
Isla Taquile Peru
39%
Volcanoes National Park (not Hawaii) Rwanda
39%
Sava/Danube confluence Serbia
39%
Guadalcanal Solomon Islands
39%
Puntland Somalia
39%
iSimangaliso Wetland Park South Africa
39%
Old Dongola Sudan
39%
Bohuslän coast Sweden
39%
Krak des Chevaliers Syria
39%
Ismoil Somoni Peak Tajikistan
39%
El Djem Amphitheatre Tunisia
39%
The Louvre (not the French one) United Arab Emirates
39%
Four Seasons Hotel (@269.7m) Bahrain
33%
Makgadikgadi Pans Botswana
33%
Istana Nurul Iman palace Brunei
33%
Thracian Tomb of Sveshtari Bulgaria
33%
Waza National Park Cameroon
33%
Dahlak Archipelago Eritrea
33%
Rustaveli Avenue Georgia
33%
Bijagós Archipelago Guinea Bissau
33%
Zanskar India
33%
Labuan Bajo Indonesia
33%
Murano & Burano Italy
33%
Spanish Town (not US or VI) Jamaica
33%
Wadi Rum Jordan
33%
Leptis Magna Libya
33%
Ħal Saflieni Hypogeum Malta
33%
Lake Skadar Montenegro
33%
Palace of the Parliament Romania
33%
Pitons Saint Lucia
33%
Anse Lazio Seychelles
33%
Yirol South Sudan
33%
Nieuw Nickerie Suriname
33%
Zytglogge Switzerland
33%
Mount Agou Togo
33%
Mosque of Bukhara Uzbekistan
33%
Ethiopian College (not Ethiopia) Vatican City
33%
Boggy Peak Antigua & Barbuda
28%
Krimml Waterfalls Austria
28%
Palace of the Shirvanshahs Azerbaijan
28%
Ubangi River (north bank) Central African Republic
28%
Tayrona National Park Colombia
28%
Okapi Wildlife Reserve DR Congo
28%
Otavalo market Ecuador
28%
Gulf of Gonâve Haiti
28%
Gellért Hill Hungary
28%
Borgarnes Iceland
28%
Faafu Atoll Maldives
28%
Stephen the Great Monument Moldova
28%
Matka Canyon North Macedonia
28%
Wahiba Sands Oman
28%
Waves of Nazaré Portugal
28%
Mustique Saint Vincent & the Grenadines
28%
Jabal al-Nour Saudi Arabia
28%
Dwight Yorke Stadium Trinidad & Tobago
28%
Million Dollar Point Vanuatu
28%
South Luangwa National Park Zambia
28%
Nahuel Huapi National Park Argentina
22%
Salar de Uyuni Bolivia
22%
Tibesti Mountains (majority) Chad
22%
Ngazidja Comoros
22%
Lake Assal Djibouti
22%
Pico Duarte Dominican Republic
22%
Port de Fontvieille Monaco
22%
Souq Waqif Qatar
22%
Saint George Gingerland Saint Kitts & Nevis
22%
Zmiinyi Island Ukraine
22%
Hwange National Park Zimbabwe
22%
Pantanal (majority) Brazil
17%
Boiling Lake Dominica
17%
Oecusse East Timor
17%
Mlilwane Wildlife Sanctuary Eswatini
17%
Kunta Kinteh Island Gambia
17%
Le Morne Brabant Mauritius
17%
Kutubiyya Mosque Morocco
17%
Natura Artis Magistra Netherlands
17%
Little Carpathians Slovakia
17%
Mount Roraima Venezuela
17%
Kibira National Park Burundi
11%
Lamu Island Kenya
11%
Sani Pass (Western point) Lesotho
11%
Temple of Justice (not US) Liberia
11%
Tsingy de Bemaraha National Park Madagascar
11%
Odzala-Kokoua National Park Republic of Congo
11%
Petite Martinique Grenada
6%
Tofo Beach Mozambique
6%
Tivoli City Park Slovenia
6%
No matching quizzes found
Score Distribution
Percent of People with Each Score
Percentile by Number Answered
Your Score History
You have not taken this quiz